| 000 | 00850nam a2200253Ia 4500 | ||
|---|---|---|---|
| 003 | OSt | ||
| 005 | 20221005043845.0 | ||
| 006 | a|||||r|||| 00| 0 | ||
| 007 | ta | ||
| 008 | 221004b |||||||| |||| 00| 0 eng d | ||
| 020 |
_a9780333963777 (pbk) _c4974.42 |
||
| 024 | _a102203 | ||
| 037 |
_b09-09863, 22/01/2010, Atlantic Publisher & Dist. Pvt Ltd. _cTextual |
||
| 040 |
_aCRL _cCRL _beng |
||
| 041 |
_2eng _aeng |
||
| 082 | _aV1:19.N3, J1;P1 | ||
| 100 | _aCarr E. H. | ||
| 245 | 0 |
_aTwenty years' crisis 1919-1939 _b Introduction to the study of interantional relations |
|
| 260 |
_aHampshire _bPalgrave Macmillan England _c2001 |
||
| 300 |
_acvi,233p. _ccm. |
||
| 650 | _aHISTORY | ||
| 942 |
_hV1:19.N3, J1;P1 _cTEXL _2cc |
||
| 999 |
_c952518 _d952518 |
||